000 00619nam a2200229Ia 4500
003 OSt
005 20220926004523.0
006 a|||||r|||| 00| 0
007 ta
008 220923b |||||||| |||| 00| 0 eng d
020 _a9788131609682
037 _cGeneral Book
040 _aRTL
_cRTL
_beng
041 _2eng
_aeng
082 _aYxM64, P4
100 _aRINGER Fritz
_977775
245 0 _aMax Weber
_b An intellectual biography
260 _a New Delhi
_bRawat Publications
_c2004
300 _a307p
_ccm.
942 _hYxM64, P4
_cGB
_2CC
999 _c611437
_d611437